[Event "Framingham CC-ch"]
[White "Sarkisian, Drew J"]
[Black "Crowe, Stanley"]
[Site "Framingham"]
[Round "2"]
[Result "1-0"]
[Date "1987.04.21"]
[WhiteElo "2103"]
[BlackElo "1444"]
[PlyCount "73"]
[EventDate "1987.04.14"]
[EventType "swiss"]
[EventRounds "6"]
[EventCountry "USA"]
[SourceTitle "EXT 2023"]
[Source "ChessBase"]
[SourceDate "2022.10.05"]
[SourceVersion "1"]
[SourceVersionDate "2022.10.05"]
[SourceQuality "1"]

1. d4 Nf6 2. c4 g6 3. Nc3 d5 4. Bf4 c6 5. h3 Bg7 6. e3 Nbd7 7. Nf3 0-0 8. Be2 Re8 9. Qb3 e6 10. 0-0 Ne4 11. Nxe4 dxe4 12. Ng5 Nf6 13. Qc2 Nh5 14. Bxh5 gxh5 15. Qxe4 f5 16. Qc2 Qe7 17. Nf3 Qf7 18. Be5 Bh6 19. g3 b6 20. c5 Bb7 21. Rfc1 b5 22. b4 a6 23. Qe2 Rad8 24. Kh2 Rd7 25. Rg1 Ra8 26. Bd6 Bf8 27. Ne5 Qe8 28. Bxf8 Kxf8 29. Nxd7+ Qxd7 30. Qxh5 Kg8 31. g4 Kh8 32. gxf5 exf5 33. Qh6 Qf7 34. Rg5 Rg8 35. Rag1 Rxg5 36. Qxg5 Bc8 37. Qd8+ 1-0